| 000 | 00461nam a2200169Ia 4500 | ||
|---|---|---|---|
| 005 | 20251020182618.0 | ||
| 008 | 200515s9999 xx 000 0 und d | ||
| 082 | _aSC/696.145:85/P45 | ||
| 245 | 0 | _aEspecificaciones técnicas generales de instalaciones sanitarias para edificaciones | |
| 260 | _aLima | ||
| 260 | _c1991 | ||
| 650 | _aESPECIFICACIONES TECNICAS | ||
| 650 | _aETE | ||
| 650 | _aINSTALACIONES SANITARIAS | ||
| 650 | _aPUB ININVI | ||
| 942 | _cLIB | ||
| 999 |
_c3558 _d3558 |
||